Forest entomology : ecology and management

Αποθηκεύτηκε σε:
Λεπτομέρειες βιβλιογραφικής εγγραφής
Κύριος συγγραφέας: Coulson, Robert N. (Robert Norris) 1943-
Άλλοι συγγραφείς: Witter, John A.
Μορφή: Βιβλίο
Γλώσσα:English
Δημοσίευση: New York : John Wiley and sons, c1984
Θέματα:
Ετικέτες: Προσθήκη ετικέτας
Δεν υπάρχουν, Καταχωρήστε ετικέτα πρώτοι!

MARC

LEADER 00000nam a2200000 i 4500
001 1/103693
008 000301s1984 eng d
020 |a 0471025739 
035 |l 10058570 
040 |a GR-MY-UA  |b gre  |e aacr 
041 0 |a eng 
082 0 |a 634.967 
100 1 |a Coulson, Robert N.  |q (Robert Norris)  |d 1943- 
245 1 0 |a Forest entomology :  |b ecology and management /  |c Robert N. Coulson, John A. Witter 
260 |a New York :   |b John Wiley and sons,   |c c1984 
300 |a 669 p.  |b ill. 
500 |a A Wiley-interscience publication 
504 |a Includes bibliographies and indexes 
650 0 0 |a Forest incects. 
650 0 0 |a Forest incects  |x Control. 
700 1 |a Witter, John A. 
852 |a INST  |b LESVOS  |e 20000301  |h 634.967 COU  |p 005100021727  |q 005100021727  |t BK  |y 0 
901 |a BIBL1-2000-1 
909 |a Λ  |b 073460 
922 |a 1ΕΛΗ  |b 199912  |c ΚΠΣ/ΤΠ  |d GLORY 
950 |a 107-1999-12-21 
970 |a ΤΖΑΦΕΡΗ  |b ΕΥΑΓΓΕΛΙΑ  |z 2000/03/02